• 首页
  • 本馆介绍
  • 公告通知
  • 最新文献
  • 馆藏检索
  • 电子资源
  • 读者导购
  • 参考咨询
  • 我的图书馆
  • 登录
  • 详细信息显示
  • 放入我的书架
  • 预约/预借图书
  • 作者相关作品
  • 分类相关作品
  • 丛书相关作品
  • 出版社相关作品

书目信息

  • 表格格式
  • 工作单格式
  • 卡片格式
题名:
享利·福特
    
 
作者: ;皮波人物国际名人研究中心 编著
分册:  
出版信息: 北京   国际文化出版公司  2013
页数: 188页
开本: 23cm
丛书名: 名人传记丛书
单 册:
中图分类: K837.125.38=531 , K837.125
科图分类:
主题词:
电子资源:
ISBN: 978-7-5125-0428-8
000 00823nam0 2200253 450
001 2334887002
005 20231208094204.42
010    @a978-7-5125-0428-8@dCNY 30.00
100    @a20130423d2013 cemy0chiy0120 ea
101 0  @achi
102    @aCN@b110000
105    @aa z 000yb
200 1  @a享利·福特@Axiang li · fu te@b专著@dHenry Ford@f皮波人物国际名人研究中心编著@zeng
210    @a北京@c国际文化出版公司@d2013
215    @a188页@c图@d23cm
225 1  @a名人传记丛书
510 1  @aHenry Ford@zeng
600  0 @a福特@c(Ford, Henry@f1863-1947)@x传记
600  0 @a福特@c(Ford, Henry@f1863-1947)
690    @aK837.125.38=531@v5
690    @aK837.125@v4
711 02 @a皮波人物国际名人研究中心@Api bo ren wu guo ji ming ren yan jiu zhong xin@4编著
801  2 @aCN@b辽宁北配@c20231205
905    @aZUCC@dK837.125@e84
    
    享利·福特=Henry Ford/皮波人物国际名人研究中心编著.-北京:国际文化出版公司,2013
    188页:图;23cm.-(名人传记丛书)
    
    
    ISBN 978-7-5125-0428-8:CNY 30.00
    
●
相关链接 在五车中查询图书 在当当中查询图书 在豆瓣中查询图书


正题名:享利·福特     索取号:K837.125/84         预约/预借

序号 登录号 条形码 馆藏地/架位号 状态 备注
1 2001248285   2001248285   第四书库/四23架B面2层1列/ [索取号:K837.125/84] 在馆    
2 2001248286   2001248286   第四书库/四23架B面2层1列/ [索取号:K837.125/84] 在馆    
3 2001248287   2001248287   第四书库/四23架B面2层1列/ [索取号:K837.125/84] 在馆    
4 2001248288   2001248288   第四书库/四23架B面2层1列/ [索取号:K837.125/84] 在馆    
5 2001248289   2001248289   501书库/ [索取号:K837.125/84] 在馆    
6 2001248290   2001248290   501书库/ [索取号:K837.125/84] 在馆    
7 2001248291   2001248291   第四书库/四23架B面2层1列/ [索取号:K837.125/84] 在馆    
8 2001248292   2001248292   第四书库/四23架B面2层1列/ [索取号:K837.125/84] 在馆    
9 2001248293   2001248293   501书库/ [索取号:K837.125/84] 在馆    
10 2001248294   2001248294   501书库/ [索取号:K837.125/84] 在馆    
11 2001248295   2001248295   501书库/ [索取号:K837.125/84] 在馆    
12 2001248296   2001248296   第四书库/四23架B面2层1列/ [索取号:K837.125/84] 在馆    
13 2001248297   2001248297   第四书库/四23架B面2层1列/ [索取号:K837.125/84] 在馆    
14 2001248298   2001248298   第四书库/四23架B面2层1列/ [索取号:K837.125/84] 在馆    
15 2001248299   2001248299   501书库/ [索取号:K837.125/84] 在馆    
16 2001248300   2001248300   第四书库/四23架B面2层1列/ [索取号:K837.125/84] 在馆    
17 2001248301   2001248301   第四书库/四23架B面2层1列/ [索取号:K837.125/84] 在馆    
18 2001248302   2001248302   第四书库/四23架B面2层1列/ [索取号:K837.125/84] 在馆    
19 2001248303   2001248303   315书库/ [索取号:K837.125/84] 在馆    
20 2001248304   2001248304   315书库/ [索取号:K837.125/84] 在馆    
21 2001248305   2001248305   第四书库/四23架B面2层1列/ [索取号:K837.125/84] 在馆    
22 2001248306   2001248306   315书库/ [索取号:K837.125/84] 在馆    
23 2001248307   2001248307   315书库/ [索取号:K837.125/84] 在馆    
24 2001248308   2001248308   315书库/ [索取号:K837.125/84] 在馆    
25 2001248309   2001248309   315书库/ [索取号:K837.125/84] 在馆    
26 2001248310   2001248310   第四书库/四23架B面2层1列/ [索取号:K837.125/84] 在馆    
27 2001248311   2001248311   第四书库/四23架B面2层1列/ [索取号:K837.125/84] 在馆    
28 2001248312   2001248312   第四书库/四23架B面2层1列/ [索取号:K837.125/84] 在馆    
29 2001248313   2001248313   第四书库/四23架B面2层1列/ [索取号:K837.125/84] 在馆    
30 2001248314   2001248314   第四书库/四23架B面2层1列/ [索取号:K837.125/84] 在馆    
山东省滨州职业学院图书馆 欢迎您!
大连网信软件有限公司© 版权所有